00882nam a2200253ra 450000100060000000300080000600500170001400800410003103500190007204000270009104100080011808200220012610000350014824500380018325000120022126000420023330000250027550400510030060000400035165100620039194200120045399900170046595201460048224721BD-RjUL20211209001105.0140315s1946 enk b 00100 eng d a(BD-RjUL)24790 aANLbengcANLdBD-RjUL aeng04a923.242bPEG 19461 aPetrie, Charles,d1895-97609610aGeorge Canning /cCharles Petrie. a2nd ed. aLondon :bEyre & Spottiswoode,c1946. axi, 255 p. ;c22 cm. aIncludes bibliographical references and index.10aCanning, George,d1770-1827.976097 0aGreat BritainxPolitics and governmenty1800-1837.975114 2ddccBK c24721d24721 00102ddc40728NFICaRUCLbRUCLcReadingd1955-09-07eB.H Black well.g12.00l0o923.242 PEG 1946r2014-03-19 00:00:00tC-1w2014-03-19yBK